000 00634cam a22002293a 4500
001 14270
003 PGUSA
005 20140828083315.0
008 041206s2004||||xxu|||||s|||||000 p eng d
040 _aPGUSA
_beng
042 _adc
050 4 _aPL
100 1 _aIgnacio, Cleto R.
245 1 0 _aPanayam ng Tatlong Binata — Unang Hati
_h[electronic resource] /
_cCleto R. Ignacio
260 _bProject Gutenberg,
_c2004
506 _aPublic domain in the USA.
516 _aElectronic text
653 _aTagalog poetry
830 0 _aProject Gutenberg
_v14270
856 4 0 _uhttp://www.gutenberg.org/ebooks/14270
942 _cEB
999 _c243525
_d243525